000 00879cab a2200265 4500
001 ABS58313
008 090401t1998 xxu||||| |||| 00| 0 eng d
035 _a(Sirsi) u84138
041 _aeng
100 _aLewison, K.
245 _aBoxed in after posting a service of notice
260 _c1998
350 _a0
490 _aProperty Week
_v61(4) 30 January 1998, 25(1)
520 _aDiscusses methods of the service of notices under the Landlord and Tenant Act 1954. Uses case law to demonstrate how the time gap between serving and receiving a notice can be crucial.
650 _aLANDLORD AND TENANT ACT 1954
650 _aMETHODS OF SERVICE
650 _aNOTICES
650 _aRAILTRACK PLC V GOJRA AND GOJRA
650 _aSERVING NOTICES
650 _aTIME LIMITS
690 _aLANDLORD AND TENANT-BUSINESS TENANCIES
942 _n0
948 _c10/02/1998
999 _c52858
_d52858